| 000 | 01320naa a22003497a 4500 | ||
|---|---|---|---|
| 001 | BR8100568 | ||
| 003 | BR-BrBNA | ||
| 005 | 20240918174717.0 | ||
| 007 | ta | ||
| 008 | 230509b bl.||||| |||| 00| 0 por d | ||
| 040 |
_aBR-BrBNA _bpor _cBiblioteca Nacional de Agricultura |
||
| 041 | _a(Pt) | ||
| 072 |
_aF00; E70 _b0336 _b3575 _bG514 |
||
| 090 | _aF00 BR8100568 | ||
| 100 | 1 | _aSilva, C.M. da | |
| 100 | 1 | _aFreitas, C.B. de | |
| 245 | 1 | _aAvaliacao da qualidade da semente produzida e comercializada no Estado de Mato Grosso do Sul [Soja; Glycine max; Brasil] | |
| 246 | 1 | _a[Quality evaluation of the seed produced and traded in the state of Mato Grosso do Sul [Soybean; Glycine max; Brazil]] | |
| 246 | 1 | _a[Results of soybean research - crop 1979/80] | |
| 260 | 3 |
_aDourados, MS (Brasil): _c1980. |
|
| 500 | _aResultados de Pesquisa com soja - safra 1979/80 Dourados, MS (Brasil): 1980. p. 93-99 (BR8100568-AM)F00 | ||
| 650 | _aProducao vegetal | ||
| 650 | _aComercializacao | ||
| 650 | _aSoja | ||
| 650 | _aSemente | ||
| 650 | _aPoder germinativo | ||
| 650 | _aSelecao genetica | ||
| 650 | _aMato Grosso do Sul | ||
| 773 | 0 |
_tResultados de Pesquisa com soja - safra 1979/80 _wF00 BR8100568 _gDourados, MS (Brasil), 1980. p. 93-99 |
|
| 909 |
_a202404 _bLucia _c55 _dLucia Elande |
||
| 942 |
_cAM _2AGRIS |
||
| 999 |
_c313046 _d313046 |
||